000 01159nam0a22002651 4500
001 v19\rc\1671720
005 20260406185527.0
035 _a(NLR Aleph) 004779142
090 _a4666029
_c4666029
100 _a20061002d1893 |||y0rusy50 ca
101 0 _arus
102 _aRU
105 _ay b |||||
200 1 _aУстав Ссудосберегательной кассы служащих в С.-Петербургском училище ордена св. Екатерины
_e[Утв. 11 мая 1893 г.]
210 _aСанкт-Петербург
_d1893
215 _a18 с.
532 1 2 _aУстав Ссудосберегательной кассы служащих в Санкт-Петербургском училище ордена св. Екатерины
710 0 2 _aПетербургское училище ордена св. Екатерины
_bСсудо-сберегательная касса служащих
_3RU\NLR\AUTH\889951171
_9398293
801 0 _aRU
_bNLR
_gpsbo
801 0 _aRU
_bRuMoRGB
_2psbo
801 1 _aRU
_bProSoft-M
_2rusmarc
852 _aNLR
_j18.259.8.28
899 _aRuMoRGB
_jA 248/483
942 _cBOOK
980 _aNB